| 000 | 01018cam a22003017a 4500 | ||
|---|---|---|---|
| 003 | CHAP | ||
| 005 | 20220329143750.0 | ||
| 008 | 110728s2010 cu a r 00010 spa d | ||
| 010 | _a101638 | ||
| 011 | _a102610 | ||
| 020 | _a9789590712951 | ||
| 035 | _a113299 | ||
| 040 | _cCHAP | ||
| 082 | 1 | 0 |
_a631.1 _bAd65 |
| 245 | 0 | 3 |
_aAdministración agrícola : _bcolectivo de autores _c/por René B. Pérez Álvarez ...[et al.] |
| 260 |
_aLa Habana : _bFélix Varela, _c2010 |
||
| 300 |
_avi, 137 p. : _bdiagramas, tablas |
||
| 590 |
_aBATCH-UPD _b10 _c20130110 _lUCH01 _h1541 |
||
| 590 |
_aBATCH-UPD _b10 _c20130410 _lUCH01 _h0943 |
||
| 590 |
_aBATCH-UPD _b10 _c20130914 _lUCH01 _h1304 |
||
| 590 |
_aCONVERSION _b10 _c20130109 _lUCH01 _h1356 |
||
| 650 | 1 | 4 |
_aEmpresas agropecuarias. _936649 |
| 650 | 1 | 4 |
_aEscuelas _xAdministración y organización. _937620 |
| 700 | 1 |
_aPérez Álvarez, René B. _989889 |
|
| 901 | _aBK | ||
| 942 | _cLIBRO | ||
| 949 |
_a631.1 Ad65 _bBC _cLIBRO _d33724002244918 _eLIBRO _gDonaciØn _h115373 _i113299 _si |
||
| 999 |
_c101638 _d101638 |
||